Quiz mathématique rapide, juste un petit quiz 4 - Statistiques

Statistiques générales
  • Ce quiz a été pris 120 fois
    69 depuis la dernière actualisation
  • Le résultat moyen est 18 sur 20
Statistiques - réponses
Hint Réponse % Correct
19 : 19 = 1
100%
112 + 4 = 116
98%
111 + 99 = 210
98%
112 : 4 = 28
97%
14 + 14 = 28
97%
112 - 4 = 108
95%
16 + 16 = 32
95%
111 - 99 = 12
90%
127 + 57 = 184
90%
52 x 4 = 208
88%
112 x 4 = 448
88%
75 x 3 = 225
85%
170 : 2 = 85
85%
225 - 98 = 127
83%
19 x 6 = 114
80%
258 + 43 = 301
78%
320 : 8 = 40
77%
450 : 6 = 75
77%
86 x 3 = 258
75%
184 : 4 = 46
75%
Aucun quiz correspondant
Distribution des résultats
% des personnes avec chaque résultat
Percentile par nombre de réponses
Votre historique - résultats
Vous n’avez pas pris ce quiz depuis la dernière actualisation